书目信息 |
| 题名: |
永宪录
|
|
| 作者: | 萧爽 | |
| 分册: | ||
| 出版信息: | 北京 中华书局 1959.08 |
|
| 页数: | 424页 | |
| 开本: | 24cm | |
| 丛书名: | ||
| 单 册: | ||
| 中图分类: | K783 | |
| 科图分类: | ||
| 主题词: | 美洲--历史 | |
| 电子资源: | ||
| ISBN: | 978-7-101-01711-3 | |
| 000 | 00516nam0 2200181 450 | |
| 001 | 202410223263708232 | |
| 005 | 20241022171910.74 | |
| 010 | @a978-7-101-01711-3@d¥18.00 | |
| 100 | @a20241022d km y0chiy0120 ea | |
| 101 | 0 | @achi |
| 200 | 1 | @a永宪录@AYong Xian Lu@f萧爽@FXiao Shuang |
| 210 | @a北京@c中华书局@d1959.08 | |
| 215 | @a424页@d24cm | |
| 606 | 0 | @a美洲@x历史 |
| 690 | @aK783@v4 | |
| 701 | 0 | @a萧爽@AXiao Shuang |
| 801 | 0 | @aCN@b大连网信软件有限公司图书馆·11@c20241022 |
| 905 | @aZUCC@b1430625@dK783@e11@f1 | |
| 永宪录/萧爽.-北京:中华书局,1959.08 |
| 424页;24cm |
| ISBN 978-7-101-01711-3:¥18.00 |
| ● |
| 相关链接 |
|
|
|
|
正题名:永宪录
索取号:K783/11
 
预约/预借
| 序号 | 登录号 | 条形码 | 馆藏地/架位号 | 状态 | 备注 |
| 1 | 1430625 | 214306259 | 密集书库-史法系/ [索取号:K783/11] | 在馆 |